000 00425pab a2200169 454500
008 180718b2008 xxu||||| |||| 00| 0 eng d
100 _aSuhrud, Tridip
245 _aModi and Gujarati 'Asmita'
260 _c2008
300 _ap.11-13.
362 _a5 Jan
650 _aGujarat - Politics and government
650 _aPolitics and government
773 _aEconomic and Political Weekly
908 _aN
909 _a76855
999 _c76855
_d76855